Statystyki dla Z jakiego państwa są te kluby? #6

Kliknij tutaj aby rozwiązać quiz!

Ogólne statystyki

  • Ten quiz został rozwiązany 146 razy
  • Średni wynik to 9 z 12

Statystyki odpowiedzi

Odpowiedź% Poprawnych
Anglia
99%
Polska
94%
Kanada
92%
Arabia Saudyjska
91%
Turcja
86%
Włochy
81%
Stany Zjednoczone
74%
Mołdawia
66%
Azerbejdżan
62%
Rumunia
60%
Belgia
59%
Meksyk
55%

Rozkład punktacji

Percentyl według liczby udzielonych odpowiedzi

Procent ludzi z każdym wynikiem

Twoja historia wyników

Nie rozwiązałeś tego quizu